000 00516nam a2200181 i 4500
001 52092
003 ES-MaACL
005 20250316174434.0
007 t|
008 030825s1972 sp ||||1| spa d
100 1 _aChomsky, Noam,
_d1928-
_938607
245 1 0 _aLingüística cartesiana /
_cNoam Chomsky ; versión de Enrique Wulff.
260 _aMadrid :
_bGredos,
_c[1972]
300 _a158 p. ;
_c20 cm.
700 1 _aWulff, Enrique.
_9117443
852 _aES-MaACL
_jC-43168
_bR.81969
999 _c52092
_d52092